000 00632nam a2200241Ia 4500
003 OSt
005 20220924115202.0
006 a|||||r|||| 00| 0
007 ta
008 220923b |||||||| |||| 00| 0 urd d
020 _c9.00
024 _a318328
037 _cTextual
040 _aARTS
_cARTS
_burd
041 _2urd
_aurd
082 _aO168,3NMU,GH, K9
100 _aMubeen Fatima Au.
_9177129
245 0 _aGhazali
260 _aDelhi
_bAdbi duniya India
_c1978
650 _aURDU FICTION
_93298
942 _hO168,3NMU,GH, K9
_cTEXL
_2CC
999 _c397147
_d397147